Protection of Educational Buildings against Earthquakes / (Record no. 30719)
[ view plain ]
| 000 -LEADER | |
|---|---|
| fixed length control field | 01495cam a22003612u 4500 |
| 001 - CONTROL NUMBER | |
| control field | 30719 |
| 003 - CONTROL NUMBER IDENTIFIER | |
| rucl marc code | BD-RjUL |
| 005 - DATE AND TIME OF LATEST TRANSACTION | |
| control field | 20211209051615.0 |
| 008 - FIXED-LENGTH DATA ELEMENTS--GENERAL INFORMATION | |
| fixed length control field | 080220s1987 xxu ||| b ||| | eng d |
| 035 ## - SYSTEM CONTROL NUMBER | |
| System control number | (BD-RjUL)30806 |
| 040 ## - CATALOGING SOURCE | |
| Original cataloging agency | ericd |
| Language of cataloging | eng |
| Transcribing agency | ericd |
| Modifying agency | MvI |
| 041 ## - LANGUAGE CODE | |
| Language code of text/sound track or separate title | eng |
| 082 ## - DEWEY DECIMAL CLASSIFICATION NUMBER | |
| Edition number | 21 |
| Classification number | 727.095 |
| Author mark and year | ARP 1987 |
| 100 1# - MAIN ENTRY--PERSONAL NAME | |
| Personal name | Arya, A. S. |
| 9 (RLIN) | 93358 |
| 245 10 - TITLE STATEMENT | |
| Title | Protection of Educational Buildings against Earthquakes / |
| Statement of responsibility, etc. | by A. S. Arya. |
| Remainder of title | A Manual for Designers and Builders. |
| 260 ## - PUBLICATION, DISTRIBUTION, ETC. (IMPRINT) | |
| Place of publication, distribution, etc. | Bangkok : |
| Name of publisher, distributor, etc. | UNESCO Principal Regional Office for Education in Asia and the Pacific. |
| Date of publication, distribution, etc. | c1987. |
| 300 ## - PHYSICAL DESCRIPTION | |
| Pagination | [6], 69 p.: |
| Illustrations | Ill. ; |
| Size | 30 cm. |
| 490 1# - SERIES STATEMENT | |
| Series statement | Educational Building ; |
| Volume/sequential designation | Report 13 |
| 650 17 - SUBJECT ADDED ENTRY--TOPICAL TERM | |
| Topical term or geographic name as entry element | Building Design. |
| Source of heading or term | ericd |
| 9 (RLIN) | 93359 |
| Topical term or geographic name as entry element | School buildings |
| General subdivision | Earthquake effects |
| Geographic subdivision | Asia. |
| 9 (RLIN) | 97029 |
| Topical term or geographic name as entry element | Earthquakes. |
| Source of heading or term | ericd |
| 9 (RLIN) | 93360 |
| Topical term or geographic name as entry element | Educational Facilities Design. |
| Source of heading or term | ericd |
| 9 (RLIN) | 93361 |
| Topical term or geographic name as entry element | Emergency Programs. |
| Source of heading or term | ericd |
| 9 (RLIN) | 93362 |
| Topical term or geographic name as entry element | Facility Requirements. |
| Source of heading or term | ericd |
| 9 (RLIN) | 93363 |
| Topical term or geographic name as entry element | Natural Disasters. |
| Source of heading or term | ericd |
| 9 (RLIN) | 93364 |
| Topical term or geographic name as entry element | Seismology. |
| Source of heading or term | ericd |
| 9 (RLIN) | 93365 |
| 710 2# - ADDED ENTRY--CORPORATE NAME | |
| Corporate name or jurisdiction name as entry element | United Nations Educational, Scientific, and Cultural Organization, Bangkok (Thailand). Regional Office for Education in Asia and the Pacific. |
| 9 (RLIN) | 93369 |
| 830 ## - SERIES ADDED ENTRY--UNIFORM TITLE | |
| Uniform title | Educational Building ; Report 13. |
| 942 ## - ADDED ENTRY ELEMENTS (KOHA) | |
| Source of classification or shelving scheme | Dewey Decimal Classification |
| Koha item type | Documents |
| Lost status | Source of classification or shelving scheme | Damaged status | Not for loan | Collection code | Permanent Location | Current Location | Shelving location | Date acquired | Source of acquisition | Cost, normal purchase price | Total Checkouts | Full call number | Date last seen | Copy number | Koha item type |
|---|---|---|---|---|---|---|---|---|---|---|---|---|---|---|---|
| Dewey Decimal Classification | Not For Loan | Non-fiction | Central Library, University of Rajshahi | Central Library, University of Rajshahi | Documentation Section | 30/03/1988 | Unesco, Bangkok | 0.00 | DOC 727.095 ARP 1987 | 12/04/2014 | C-1 | Documents |